| 000 | 00461nam a2200181Ia 4500 | ||
|---|---|---|---|
| 020 | _a0194370917 (pbk) : | ||
| 040 | _cUKM | ||
| 082 | 0 | _a428 OXF 1986 A022 Or. | |
| 100 | 1 | 0 | _aMorgan, John, |
| 245 | 1 | 0 | _aVocabulary / |
| 260 | 0 |
_aOxford : _bOxford University Press, _c1986 |
|
| 300 |
_a125 p. : _bill. ; _c25 cm |
||
| 490 | 0 | _aResource books for teachers | |
| 650 | 0 | _aEnglish language | |
| 650 | 0 | _aVocabulary | |
| 700 | 1 | 0 | _aRinvolucri, Mario |
| 942 | _cEK | ||
| 999 |
_c12611 _d12611 |
||